Derecho de vagones

Bibliographic Details
Main Author: Puetz, Achim
Format: eBook
Language:Spanish
Published: Madrid: Marcial Pons, 2012
Subjects:
Online Access:Acceso restringido

MARC

LEADER 00000nam a22000007a 4500
005 2021082007087.0
007 cr|||| |||
008 210820s2012 es |||||s|||| 00||0 spa d
020 |a 978-78-84-9123-837-9 
035 |a 33564 
040 |a vLex 
090 |c 12090  |d 12090 
100 1 |a Puetz, Achim 
245 1 0 |a Derecho de vagones  |h [Recurso electrn̤ico] /  |c Achim Puetz 
256 |a Servicio en ln̕ea 
260 |a Madrid:  |b Marcial Pons,  |c 2012 
300 |a 1 recurso electrn̤ico 
506 1 |a Disponible solo en los productos indicados  |d vLex Global  |d vLex Global (Academic Edition, excluding Law Schools)  |d vLex Global (U.S. Academic Edition, Law Schools)  |d vLex Global (U.S. Academic Edition, excluding Law Schools)  |d vLex Global (Academic Edition, Law Schools) 
650 0 4 |a Transportes  |z Espaą 
740 0 |a vLex Libros (Servicio en ln̕ea) 
856 4 0 |u https://app.vlex.com/#/sources/33564  |z Acceso restringido 
942 |c BOOK 
999 0 |a Transportation